| 000 | | | 05414cbc2a2200000#x 450 |
| 001 | | | 895ef0a6-b1a5-4031-8ec2-aa8b21d45a29 |
| 005 | | | 20181001110256.0 |
| 100 | ## | $a | 20150914l18241824k l0rusy0189 ca |
| 101 | 0# | $a | rus |
| 102 | ## | $a | RU |
| 200 | 1# | $a | Дело по отношению Санкт-Петербургского военного генерал-губернатора об отпуске суммы на выпланирование и мощение площади перед дворцом его императорского высочества Михаила Павловича. Тут же о строении новой мостовой от Троицкого до Каменноостровского моста и 50 новых фонарей по Невскому проспекту |
| | $j | 26 июля - 4 декабря 1824 г. |
| 251 | ## | $c | Дело |
| 300 | ## | $a | Рукописный текст. Чернила |
| 801 | #0 | $a | RU |
| | $b | РГИА |
| | $c | 20150914 |
| 801 | #1 | $a | RU |
| | $b | ГлавНИВЦ |
| | $c | 20150914 |
| | $2 | rusmarc |
| 801 | #2 | $a | RU |
| | $b | ПБ им. Б.Н. Ельцина |
| | $c | 20160314 |
| | $g | RCR |
| | $2 | rusmarc |
| 850 | ## | $a | Федеральное казенное учреждение "Российский государственный исторический архив" (РГИА) |
| 852 | ## | $a | РГИА |
| | $j | 131 |
| 937 | ## | $h | РГИА |
| | $d | 12098831 |
| | $a | ASBIBLIO_SCAN |
| 462 | #0 | $1 | 0016c1b627b-9248-4f82-9274-c797baa2a3e0 |
| | $1 | 2001 |
| | $a | Дела Департамента полиции исполнительной МВД за 1824 г. |
| | $v | Д. 131 |
| | $1 | 251 |
| | $c | Опись |
| | $1 | 852 |
| | $j | 3 |
| | $l | 1824 г. |
| 461 | #0 | $1 | 0013e300ed0-cd39-49af-8489-5ba5b90fa401 |
| | $1 | 2001 |
| | $a | Департамент полиции исполнительной МВД |
| | $1 | 251 |
| | $c | Фонд |
| | $1 | 852 |
| | $j | 1286 |
| 215 | ## | $a | 28 листов |
| | $d | 36,5х26 см |
| 371 | ## | $a | Документ не является опубликованным и широко распространяемым |
| 105 | ## | $a | y### |
| 122 | 2# | $a | d18240726## |
| | $a | d18241204## |
| 035 | ## | $a | 895ef0a6-b1a5-4031-8ec2-aa8b21d45a29 |
| 605 | ## | $2 | acquisition_Prlib |
| | $3 | LIBNET\UAF\0000077506 |
| | $a | Невский проспект |
| | $l | коллекция |
| 605 | ## | $a | Территория |
| | $l | коллекция |
| | $2 | acquisition_Prlib |
| | $3 | DITM\AF\0000004675 |
| 605 | ## | $a | Территория России: Санкт-Петербург, город |
| | $l | коллекция |
| | $2 | acquisition_Prlib |
| | $3 | LIBNET\UAF\0000039016 |
| 607 | ## | $2 | nlr_sh |
| | $3 | RU\NLR\AUTH\661380357 |
| | $a | Невский проспект (Санкт-Петербург, город) |
| | $j | Документы и материалы |
| | $x | История |
| 607 | ## | $a | Санкт-Петербург, город |
| | $j | Документы и материалы |
| | $x | Планировка и строительство |
| | $2 | prlib_sh |
| | $3 | LIBNET\UAF\0000023771 |
| | $z | 19 в. |
| 617 | ## | $2 | prlib_sh |
| | $d | Санкт-Петербург, город |
| 686 | ## | $2 | rubbk |
| | $a | 63.3(2-2СПб)521ю1 |
| | $v | LBC/M |